000 00565nam a2200181Ia 4500
008 100920s9999 xx 000 0 und d
082 _b52499
_a891.463.1 थ 87
100 _aप्रभुदेसाई बाळकृष्ण वि.
245 _aगंधर्व.
260 _bमौज प्रकाशन-गृह,मुंबई.
_c1987
300 _a199
_bसाधी
365 _b50
520 _aलघुकथा.
630 _aगंधर्व.
650 _aलघुकथा.
730 _aगंधर्व.
942 _cBOOK
999 _c697830
_d697827